| 000 | 01377cam a2200325 a 4500 | ||
|---|---|---|---|
| 999 |
_c1433 _d1433 |
||
| 001 | 3562109 | ||
| 003 | OSt | ||
| 005 | 20191007144513.0 | ||
| 008 | 980727s1999 nyua b 001 0 eng | ||
| 010 | _a 98039486 | ||
| 020 | _a0521651247 (hc.) | ||
| 020 | _a0521658411 (pbk.) | ||
| 040 |
_aDLC _cDLC _dDLC |
||
| 050 | 0 | 0 |
_aQD462 _b.F55 1999 |
| 082 | 0 | 0 |
_a541.2 _221 _bFIT 1999 |
| 100 | 1 |
_aFitts, Donald D. _d1932- _93789 |
|
| 245 | 1 | 0 | _aPrinciples of Quantum Mechanics as applied to Chemistry and Chemical physics |
| 260 |
_aNew York : _bCambridge University Press, _c1999. |
||
| 300 |
_aix, 351 p. : _bill. ; _c26 cm. |
||
| 504 | _aIncludes bibliographical references (p. 344-346) and index. | ||
| 650 | 0 |
_aQuantum chemistry. _93790 |
|
| 650 | 0 |
_aChemical physics _912977 |
|
| 856 | 4 | 1 |
_3Sample text _uhttp://www.loc.gov/catdir/samples/cam032/98039486.html |
| 856 | 4 | 2 |
_3Publisher description _uhttp://www.loc.gov/catdir/description/cam029/98039486.html |
| 856 | 4 | 1 |
_3Table of contents _uhttp://www.loc.gov/catdir/toc/cam021/98039486.html |
| 906 |
_a7 _bcbc _corignew _d1 _eocip _f19 _gy-gencatlg |
||
| 942 |
_2ddc _cSLOAN |
||